[Event "BCF-chT3S 1415 (4NCL)"]
[Site "England"]
[Date "2015.02.14"]
[Round "5.90"]
[White "Mc Aleenan, Charles"]
[Black "Galer, Sebastian"]
[Result "1/2-1/2"]
[WhiteElo "1775"]
[BlackElo "1875"]
[PlyCount "116"]
[EventDate "2014.11.15"]
[EventType "team-swiss"]
[EventRounds "6"]
[EventCountry "ENG"]
[SourceTitle "EXT 2016"]
[Source "ChessBase"]
[SourceDate "2015.10.08"]
[SourceVersion "1"]
[SourceVersionDate "2015.10.08"]
[SourceQuality "1"]
[WhiteTeam "Fermented Sharks"]
[BlackTeam "Guildford IV"]
[WhiteTeamCountry "ENG"]
[BlackTeamCountry "ENG"]

1. d4 d5 2. Bf4 Nf6 3. e3 e6 4. Nf3 c5 5. c3 Nc6 6. Nbd2 cxd4 7. exd4 Bd6 8. Bg3 Bxg3 9. hxg3 Ne4 10. Nxe4 dxe4 11. Nd2 Qb6 12. Nc4 Qc7 13. Qg4 f5 14. Qg5 0-0 15. Qf4 Qxf4 16. gxf4 Ne7 17. Ne3 Ng6 18. g3 Rd8 19. Bc4 Ne7 20. 0-0 Nd5 21. Rfd1 a6 22. a4 Kf7 23. a5 Kf6 24. Rac1 b5 25. Be2 Bb7 26. c4 bxc4 27. Bxc4 Rac8 28. b3 Nb4 29. Nc2 Na2 30. Ra1 Nc3 31. Re1 h6 32. Rac1 Nd5 33. Ne3 Nb4 34. Red1 g5 35. fxg5+ hxg5 36. Kf1 Nc6 37. Bxe6 Kxe6 38. d5+ Kf6 39. dxc6 Rxd1+ 40. Rxd1 Bxc6 41. Rd6+ Kf7 42. Nxf5 Bb5+ 43. Ke1 Rc5 44. Ne3 Rc3 45. b4 Rb3 46. Rd4 Rb2 47. Ng4 Re2+ 48. Kd1 e3 49. fxe3 Rg2 50. Nh6+ Ke6 51. g4 Re2 52. Nf5 Rg2 53. Rd2 Ba4+ 54. Kc1 Rxg4 55. Nd4+ Ke5 56. b5 Bxb5 57. Nxb5 axb5 58. a6 Ra4 1/2-1/2

[Event "BCF-chT3S 1314 (4NCL)"]
[Site "England"]
[Date "2014.01.12"]
[Round "4.140"]
[White "Lau, Jason"]
[Black "Galer, Sebastian"]
[Result "1/2-1/2"]
[WhiteElo "1782"]
[BlackElo "1851"]
[PlyCount "83"]
[EventDate "2013.11.16"]
[EventType "team-swiss"]
[EventRounds "6"]
[EventCountry "ENG"]
[SourceTitle "EXT 2015"]
[Source "ChessBase"]
[SourceDate "2014.11.20"]
[SourceVersion "1"]
[SourceVersionDate "2014.11.20"]
[SourceQuality "1"]
[WhiteTeam "3CS Oldham II"]
[BlackTeam "Guildford IV"]
[WhiteTeamCountry "ENG"]
[BlackTeamCountry "ENG"]

1. e4 e5 2. Nf3 Nc6 3. Bc4 Be7 4. d3 Nf6 5. c3 0-0 6. 0-0 d6 7. Bb3 Na5 8. Bc2 c5 9. Nbd2 Nc6 10. Re1 Ne8 11. Nf1 f5 12. h3 f4 13. Bb3+ Kh8 14. d4 cxd4 15. cxd4 Qb6 16. dxe5 dxe5 17. Bd2 Bc5 18. Qe2 Nd4 19. Nxd4 Bxd4 20. Nh2 Qg6 21. Bb4 Nd6 22. Bxd6 Qxd6 23. Nf3 Qg6 24. Kh1 Rd8 25. Rad1 Be6 26. Bxe6 Qxe6 27. Nxd4 Rxd4 28. Rxd4 exd4 29. b3 Qe5 30. Rd1 Rd8 31. f3 h6 32. Rd3 a6 33. Qd2 Rd6 34. Qb4 b6 35. Qd2 g5 36. Qb4 Qc5 37. Qxc5 bxc5 38. Kg1 Kg7 39. Kf2 Kf6 40. Ke2 Ke5 41. Rd2 Rb6 42. Kd3 1/2-1/2